Tujuh Tahun Membangun Kebudayaan & Pariwisata / (Record no. 8137)
[ view plain ]
| 000 -LEADER | |
|---|---|
| fixed length control field | 01026nam a22001937a 4500 |
| 001 - CONTROL NUMBER | |
| control field | 8137 |
| 003 - CONTROL NUMBER IDENTIFIER | |
| control field | FISKH |
| 005 - DATE AND TIME OF LATEST TRANSACTION | |
| control field | 20250827161041.0 |
| 008 - FIXED-LENGTH DATA ELEMENTS--GENERAL INFORMATION | |
| fixed length control field | 250827b cb ||||| |||| 00| 0 eng d |
| 040 ## - CATALOGING SOURCE | |
| Original cataloging agency | FISKH |
| Language of cataloging | indo |
| Transcribing agency | FISKH |
| Modifying agency | FISKH |
| 082 ## - DEWEY DECIMAL CLASSIFICATION NUMBER | |
| Classification number | 338.47959 |
| 100 ## - MAIN ENTRY--PERSONAL NAME | |
| Personal name | Wacik, Jero |
| 245 ## - TITLE STATEMENT | |
| Title | Tujuh Tahun Membangun Kebudayaan & Pariwisata / |
| Statement of responsibility, etc. | Jero Wacik |
| 260 ## - PUBLICATION, DISTRIBUTION, ETC. | |
| Place of publication, distribution, etc. | Jakarta : |
| Name of publisher, distributor, etc. | Ganeca Exact, |
| Date of publication, distribution, etc. | 2012 |
| 300 ## - PHYSICAL DESCRIPTION | |
| Extent | 119 pages : |
| Other physical details | color illustrations ; |
| Dimensions | 25 cm |
| 520 ## - SUMMARY, ETC. | |
| Summary, etc. | The book Tujuh Tahun Membangun Kebudayaan & Pariwisata by Jero Wacik reflects on his seven years of work in developing Indonesia’s cultural and tourism sectors. It highlights strategies, programs, and achievements in promoting Indonesian culture, preserving heritage, and expanding tourism nationally and internationally. The author shares experiences as a government official, illustrating the challenges and successes in strengthening Indonesia’s identity while boosting economic growth through tourism. |
| 942 ## - ADDED ENTRY ELEMENTS (KOHA) | |
| Source of classification or shelving scheme | Dewey Decimal Classification |
| Koha item type | Books |
| Suppress in OPAC | No |
| Withdrawn status | Lost status | Source of classification or shelving scheme | Damaged status | Not for loan | Collection | Home library | Current library | Shelving location | Date acquired | Total Checkouts | Full call number | Barcode | Date last seen | Copy number | Price effective from | Koha item type |
|---|---|---|---|---|---|---|---|---|---|---|---|---|---|---|---|---|
| Dewey Decimal Classification | Non-Fiction | Footprints International School Library Network Toul Kork Campus | Footprints International School Library Network Toul Kork Campus | Librarian's Shelf TK | 08/27/2025 | WAC 338.47959 | 2025-4294 | 08/27/2025 | 1 | 08/27/2025 | Books |
